[Event "IECG CB.2003.0.00070 email"]
[Site "IECG email"]
[Date "2003.04.16"]
[Round "?"]
[White "Puleston, Tim O"]
[Black "Dror, Daniel"]
[Result "1/2-1/2"]
[WhiteElo "1966"]
[BlackElo "1898"]
[PlyCount "36"]
[EventDate "2003.02.12"]
[EventType "tourn (corr)"]
[EventRounds "6"]
[SourceTitle "Corr 2008"]
[Source "ChessBase"]
[SourceDate "2008.06.24"]
[SourceVersion "1"]
[SourceVersionDate "2008.06.24"]
[SourceQuality "1"]

1. d4 d5 2. e4 dxe4 3. Nc3 Nf6 4. f3 exf3 5. Nxf3 e6 6. Bg5 Be7 7. Bd3 Nc6 8. Qd2 h6 9. Be3 Nb4 10. 0-0 Nxd3 11. Qxd3 0-0 12. Rad1 b6 13. Ne5 Bb7 14. Bxh6 gxh6 15. Qg3+ Kh7 16. Qd3+ Kh8 17. Qe3 Kh7 18. Qd3+ Kh8 1/2-1/2

[Event "IECG CP.2002.P.00052 email"]
[Site "IECG email"]
[Date "2002.10.01"]
[Round "?"]
[White "Dror, Daniel"]
[Black "Topot, Iwan"]
[Result "1-0"]
[WhiteElo "1921"]
[BlackElo "1188"]
[PlyCount "71"]
[EventDate "2002.10.01"]
[EventType "tourn (corr)"]
[EventRounds "6"]
[EventCountry "USA"]
[SourceTitle "Corr 2008"]
[Source "ChessBase"]
[SourceDate "2008.06.24"]
[SourceVersion "1"]
[SourceVersionDate "2008.06.24"]
[SourceQuality "1"]

1. e4 e5 2. Nf3 Nc6 3. Bb5 a6 4. Bxc6 dxc6 5. 0-0 Ne7 6. Nxe5 Qd4 7. Qh5 g6 8. Qg5 Bg7 9. Nd3 f5 10. e5 c5 11. b3 h6 12. Qe3 f4 13. Qxd4 cxd4 14. Nxf4 g5 15. Nh5 Bxe5 16. d3 Bg4 17. Ng3 Ng6 18. Nd2 0-0-0 19. Nc4 Bf4 20. Bxf4 Nxf4 21. Rfe1 Be6 22. Nh5 Bd5 23. Nxf4 gxf4 24. f3 Rdg8 25. Kf2 Rg5 26. Re7 Rhg8 27. Rg1 b5 28. Ne5 a5 29. g4 fxg3+ 30. Rxg3 Rf8 31. h4 Rgf5 32. Rgg7 Bxf3 33. Rxc7+ Kb8 34. Rce7 Bd5+ 35. Kg3 Rd8 36. Rg6 1-0

[Event "IECG CP.2002.P.00052 email"]
[Site "IECG email"]
[Date "2002.10.01"]
[Round "?"]
[White "Van de Peut, Aart A"]
[Black "Dror, Daniel"]
[Result "0-1"]
[WhiteElo "1740"]
[BlackElo "1921"]
[PlyCount "70"]
[EventDate "2002.10.01"]
[EventType "tourn (corr)"]
[EventRounds "6"]
[EventCountry "USA"]
[SourceTitle "Corr 2008"]
[Source "ChessBase"]
[SourceDate "2008.06.24"]
[SourceVersion "1"]
[SourceVersionDate "2008.06.24"]
[SourceQuality "1"]

1. e4 e5 2. Nc3 Nf6 3. Bc4 Nxe4 4. Qh5 Nd6 5. Bb3 Be7 6. Nf3 Nc6 7. Nxe5 g6 8. Qe2 Nd4 9. Qd3 Nxb3 10. axb3 0-0 11. 0-0 Re8 12. Ng4 Bf8 13. Qf3 Bg7 14. d3 Nf5 15. Ne4 d5 16. Ng3 Nd4 17. Qf4 Bxg4 18. Qxg4 h5 19. Qd1 h4 20. c3 hxg3 21. cxd4 gxf2+ 22. Kxf2 Qh4+ 23. Kg1 Bxd4+ 24. Kh1 Be5 25. g3 Bxg3 26. Qc2 Re5 27. Qg2 Rh5 28. h3 Qg4 29. Bf4 Rxh3+ 30. Kg1 Re8 31. Rae1 Rxe1 32. Rxe1 Bf2+ 33. Kf1 Qxf4 34. Re8+ Kg7 35. Qxh3 Be3+ 0-1

[Event "IECG CB.2002.0.00035 email"]
[Site "IECG email"]
[Date "2002.09.28"]
[Round "?"]
[White "Dror, Daniel"]
[Black "Ligeti, George"]
[Result "1/2-1/2"]
[WhiteElo "1900"]
[BlackElo "1820"]
[PlyCount "89"]
[EventDate "2002.04.03"]
[EventType "tourn (corr)"]
[EventRounds "6"]
[SourceTitle "Corr 2008"]
[Source "ChessBase"]
[SourceDate "2008.06.24"]
[SourceVersion "1"]
[SourceVersionDate "2008.06.24"]
[SourceQuality "1"]

1. d4 d5 2. c4 c6 3. Nf3 Nf6 4. Nc3 e6 5. e3 Bd6 6. Bd3 Nbd7 7. 0-0 0-0 8. e4 dxc4 9. Bxc4 e5 10. Bg5 h6 11. Bh4 Qe7 12. Re1 b5 13. Bb3 g5 14. Bg3 Bb7 15. Qc2 a5 16. a3 Rfe8 17. Rad1 Rad8 18. h3 b4 19. axb4 axb4 20. Na4 Bb8 21. dxe5 Nxe5 22. Bxe5 Bxe5 23. Nxe5 Qxe5 24. Qc4 Qe7 25. Nc5 Bc8 26. Ba4 Nd7 27. Nxd7 Bxd7 28. Bxc6 Bxc6 29. Qxc6 Kg7 30. Rxd8 Rxd8 31. Qc2 Qe5 32. b3 Qd4 33. e5 Qc3 34. Qxc3 bxc3 35. Rc1 Rd3 36. Kf1 c2 37. Rxc2 Rxb3 38. Rc5 Kg6 39. Rc6+ Kf5 40. Rxh6 Kxe5 41. g3 f6 42. Kg2 Rb8 43. h4 Kf5 44. f3 gxh4 45. Rxh4 1/2-1/2

[Event "IECG CB.2002.0.00041 email"]
[Site "IECG email"]
[Date "2002.07.21"]
[Round "?"]
[White "Dror, Daniel"]
[Black "Castillo, German"]
[Result "1/2-1/2"]
[WhiteElo "1900"]
[BlackElo "1870"]
[PlyCount "49"]
[EventDate "2002.05.21"]
[EventType "tourn (corr)"]
[EventRounds "6"]
[SourceTitle "Corr 2008"]
[Source "ChessBase"]
[SourceDate "2008.06.24"]
[SourceVersion "1"]
[SourceVersionDate "2008.06.24"]
[SourceQuality "1"]

1. d4 Nf6 2. c4 e6 3. g3 c5 4. Nf3 b6 5. Bg2 Bb7 6. 0-0 cxd4 7. Qxd4 Be7 8. Nc3 Nc6 9. Qf4 0-0 10. Rd1 Qc8 11. b3 Rd8 12. Bb2 Qb8 13. Nb5 Qxf4 14. gxf4 d5 15. Ne5 a6 16. cxd5 Nxd5 17. Nc7 Nxc7 18. Bxc6 Bxc6 19. Nxc6 Rxd1+ 20. Rxd1 Bf8 21. Be5 Nd5 22. e4 Nb4 23. Nxb4 Bxb4 24. Rd7 Bc5 25. Kg2 1/2-1/2

[Event "IECG CB.2002.0.00041 email"]
[Site "IECG email"]
[Date "2002.06.10"]
[Round "?"]
[White "Pecotic, Kuzma"]
[Black "Dror, Daniel"]
[Result "1-0"]
[WhiteElo "1884"]
[BlackElo "1900"]
[PlyCount "41"]
[EventDate "2002.05.21"]
[EventType "tourn (corr)"]
[EventRounds "6"]
[SourceTitle "Corr 2008"]
[Source "ChessBase"]
[SourceDate "2008.06.24"]
[SourceVersion "1"]
[SourceVersionDate "2008.06.24"]
[SourceQuality "1"]

1. d4 d5 2. c4 e6 3. Nc3 c6 4. e4 dxe4 5. Nxe4 Bb4+ 6. Bd2 Qxd4 7. Bxb4 Qxe4+ 8. Ne2 Na6 9. Bf8 Ne7 10. Bxg7 Nb4 11. Bxh8 Nd3+ 12. Kd2 Nxf2 13. Qb1 Qxb1 14. Rxb1 Nxh1 15. Ke1 Nf5 16. Nf4 Ne3 17. Bd3 Ng4 18. Nh5 e5 19. Nf6+ Ke7 20. Nxg4 Bxg4 21. Bxe5 1-0

[Event "IECG QB.2001.0.00010"]
[Site "IECG email"]
[Date "2001.12.18"]
[Round "?"]
[White "Dror, Daniel"]
[Black "Sherwood, Russell"]
[Result "1/2-1/2"]
[WhiteElo "1900"]
[BlackElo "1812"]
[PlyCount "118"]
[EventDate "2001.12.18"]
[EventType "tourn (corr)"]
[EventRounds "6"]
[SourceTitle "Corr 2008"]
[Source "ChessBase"]
[SourceDate "2008.06.24"]
[SourceVersion "1"]
[SourceVersionDate "2008.06.24"]
[SourceQuality "1"]

1. d4 g6 2. c4 Bg7 3. Nc3 d6 4. e4 a6 5. Nf3 Nd7 6. Be2 c5 7. Be3 cxd4 8. Nxd4 Ngf6 9. 0-0 0-0 10. f4 e5 11. Nb3 exf4 12. Bxf4 Re8 13. Bxd6 Nxe4 14. Nxe4 Rxe4 15. Qc2 Re8 16. Rad1 Qg5 17. Qd2 Qxd2 18. Rxd2 Nf6 19. Bf3 Ne4 20. Bxe4 Rxe4 21. Ba3 Bg4 22. h3 Be6 23. Rfd1 Bxc4 24. Nc5 Ree8 25. b3 Be2 26. Re1 b6 27. Rexe2 Rxe2 28. Rxe2 Bd4+ 29. Kf1 bxc5 30. Rc2 Rc8 31. Rc4 Rc6 32. g4 f5 33. b4 fxg4 34. hxg4 Rf6+ 35. Ke2 Re6+ 36. Kd1 cxb4 37. Bxb4 Be3 38. Bc3 h5 39. gxh5 gxh5 40. Rc7 h4 41. Rg7+ Kf8 42. Rh7 Bh6 43. Be1 Kg8 44. Rb7 Rd6+ 45. Ke2 h3 46. Bg3 Rd2+ 47. Kf3 Rxa2 48. Rb1 a5 49. Rh1 a4 50. Rxh3 Ra3+ 51. Kg4 Bg7 52. Rh5 Kf7 53. Bd6 Rd3 54. Ra5 Rd4+ 55. Kf5 Rxd6 56. Rxa4 Rf6+ 57. Kg5 Bh6+ 58. Kg4 Kg6 59. Rc4 Rf4+ 1/2-1/2

[Event "IECC Swiss email"]
[Site "IECC email"]
[Date "1999.11.20"]
[Round "?"]
[White "Torwong, Peerapol"]
[Black "Dror, Daniel"]
[Result "0-1"]
[WhiteElo "1761"]
[BlackElo "1905"]
[PlyCount "64"]
[EventDate "1999.??.??"]
[EventType "tourn (corr)"]
[EventRounds "6"]
[SourceTitle "Corr 2008"]
[Source "ChessBase"]
[SourceDate "2008.06.24"]
[SourceVersion "1"]
[SourceVersionDate "2008.06.24"]
[SourceQuality "1"]

1. e4 e5 2. Nf3 Nc6 3. d4 exd4 4. Nxd4 Qh4 5. Nc3 Bb4 6. Be2 Qxe4 7. Ndb5 Bxc3+ 8. bxc3 Kd8 9. 0-0 Nge7 10. Re1 a6 11. Nd4 Qh4 12. Bc4 Nxd4 13. Qxd4 Qxd4 14. cxd4 f6 15. Ba3 d6 16. Rab1 b6 17. Bf7 Bf5 18. Re2 Rf8 19. Bh5 Bg6 20. Bf3 Rb8 21. Rbe1 Re8 22. c3 Kd7 23. Bc1 Nf5 24. Be4 Nh4 25. Bd5 Rxe2 26. Rxe2 Re8 27. Rxe8 Bxe8 28. Be4 Bg6 29. Bb7 Bd3 30. f4 Bc4 31. a3 c6 32. g4 Kc7 0-1

[Event "IECC Swiss email"]
[Site "IECC email"]
[Date "1999.07.16"]
[Round "?"]
[White "Dror, Daniel"]
[Black "Lewis, Matthew"]
[Result "1-0"]
[WhiteElo "1895"]
[BlackElo "1869"]
[PlyCount "103"]
[EventDate "1999.??.??"]
[EventType "tourn (corr)"]
[EventRounds "6"]
[SourceTitle "Corr 2008"]
[Source "ChessBase"]
[SourceDate "2008.06.24"]
[SourceVersion "1"]
[SourceVersionDate "2008.06.24"]
[SourceQuality "1"]

1. d4 Nf6 2. Nf3 g6 3. g3 d5 4. Bg2 Bg7 5. 0-0 0-0 6. c4 dxc4 7. Na3 Nc6 8. Nxc4 Be6 9. b3 Ne4 10. Bb2 Bd5 11. Nfe5 Nxe5 12. dxe5 Bxc4 13. Bxe4 Ba6 14. Qc2 c6 15. Rfd1 Qc7 16. f4 Rad8 17. e3 c5 18. b4 c4 19. a4 b6 20. b5 Bb7 21. Bc6 Bxc6 22. Qxc4 Rc8 23. Rdc1 Rfd8 24. Qxc6 Qb8 25. Qg2 Rd7 26. Rxc8+ Qxc8 27. Rc1 Qd8 28. Bd4 e6 29. Qc6 Bf8 30. Rc2 Ba3 31. Qc8 Be7 32. Kf2 Kg7 33. Qxd8 Bxd8 34. g4 Be7 35. Rc4 Bh4+ 36. Kf3 f5 37. exf6+ Bxf6 38. Bxf6+ Kxf6 39. g5+ Kg7 40. Ke4 Kf7 41. h4 Ke7 42. Rc2 Kf7 43. Rh2 Rc7 44. h5 Rc4+ 45. Ke5 Rc5+ 46. Kd6 Rd5+ 47. Kc6 Kg7 48. h6+ Kf8 49. Rc2 Rd3 50. Kb7 Rxe3 51. Rc4 Rd3 52. Kxa7 1-0

[Event "IECC Swiss email"]
[Site "IECC email"]
[Date "1999.02.20"]
[Round "?"]
[White "Dror, Daniel"]
[Black "Heichal, Gideon"]
[Result "1-0"]
[WhiteElo "1867"]
[BlackElo "1825"]
[PlyCount "65"]
[EventDate "1999.??.??"]
[EventType "tourn (corr)"]
[EventRounds "6"]
[SourceTitle "Corr 2008"]
[Source "ChessBase"]
[SourceDate "2008.06.24"]
[SourceVersion "1"]
[SourceVersionDate "2008.06.24"]
[SourceQuality "1"]

1. f4 d5 2. b3 Nf6 3. e3 g6 4. Bb2 Bg7 5. Nf3 Bg4 6. Be2 c6 7. 0-0 0-0 8. h3 Bxf3 9. Bxf3 Nbd7 10. c4 dxc4 11. bxc4 Nb6 12. Qb3 c5 13. a4 Rb8 14. Be5 Ne8 15. Bxb8 Bxa1 16. Bxa7 Nd7 17. Qxb7 Nd6 18. Qc6 Qc8 19. d3 Nf5 20. Na3 Bc3 21. Nc2 e5 22. Rb1 exf4 23. exf4 Bd4+ 24. Nxd4 Nxd4 25. Qxc8 Nxf3+ 26. Kf2 Rxc8 27. Kxf3 Kf8 28. a5 Ke8 29. Ke3 Rc6 30. Bb6 Re6+ 31. Kd2 Rc6 32. Kc3 Ke7 33. d4 1-0

[Event "IECC Swiss email"]
[Site "IECC email"]
[Date "1999.01.24"]
[Round "?"]
[White "Robles, Dennis M"]
[Black "Dror, Daniel"]
[Result "0-1"]
[WhiteElo "1704"]
[BlackElo "1861"]
[PlyCount "34"]
[EventDate "1999.??.??"]
[EventType "tourn (corr)"]
[EventRounds "6"]
[SourceTitle "Corr 2008"]
[Source "ChessBase"]
[SourceDate "2008.06.24"]
[SourceVersion "1"]
[SourceVersionDate "2008.06.24"]
[SourceQuality "1"]

1. b4 e5 2. Bb2 Bxb4 3. f4 d6 4. Nf3 Nc6 5. fxe5 dxe5 6. Nxe5 Nxe5 7. Bxe5 Nf6 8. e3 0-0 9. Bd3 Re8 10. Bc3 Bg4 11. Be2 Ne4 12. Bxg4 Qh4+ 13. g3 Nxg3 14. hxg3 Qxh1+ 15. Kf2 Qh2+ 16. Kf3 Bd6 17. Qe1 f5 0-1

[Event "IECC Swiss email"]
[Site "IECC email"]
[Date "1998.11.27"]
[Round "2"]
[White "Theofel, Heiner"]
[Black "Dror, Daniel"]
[Result "0-1"]
[WhiteElo "1638"]
[BlackElo "1848"]
[PlyCount "38"]
[EventDate "1998.??.??"]
[EventType "tourn (corr)"]
[EventRounds "6"]
[SourceTitle "Corr 2008"]
[Source "ChessBase"]
[SourceDate "2008.06.24"]
[SourceVersion "1"]
[SourceVersionDate "2008.06.24"]
[SourceQuality "1"]

1. d4 Nf6 2. c4 e6 3. Nc3 Bb4 4. e3 c5 5. Bd3 Nc6 6. Nf3 Bxc3+ 7. bxc3 d6 8. e4 e5 9. d5 Ne7 10. Nh4 h6 11. f4 Ng6 12. Nxg6 fxg6 13. 0-0 0-0 14. f5 b5 15. cxb5 c4 16. Bxc4 Nxe4 17. Be3 Bxf5 18. Qb3 Rc8 19. Bxa7 Nd2 0-1